00261nam a2200109Ia 4500008004100000100000900041245005100050250000800101260002600109300000800135650000800143191201s2007 xx 000 0 und d aIIBF 0aInsurance Products, Including Pension Products a2nd aN.DelhibTexmanc2007 a278 aMBA